Loading...
| Science - Chemistry | 0 | 5 | 2 | 0 | 40 | 97 | 109.20 | 1 | 3 | 4.59 | 25.00 |
| Literature - American | 0 | 4 | 1 | 0 | 35 | 80 | 112.25 | 1 | 3 | 7.54 | 18.64 |
| Science - Physics | 0 | 3 | 1 | 0 | 25 | 33 | 87.00 | 1 | 2 | 8.56 | 16.36 |
| Science - Biology | 0 | 3 | 1 | 1 | 25 | 98 | 107.00 | 0 | 2 | 4.18 | 10.00 |
| Fine Arts - Other | 0 | 2 | 0 | 0 | 20 | 110 | 117.00 | 0 | 2 | 1.83 | 12.73 |
| Literature - European | 0 | 3 | 2 | 2 | 20 | 86 | 102.00 | 1 | 2 | 6.21 | 17.27 |
| Literature - World | 0 | 2 | 0 | 2 | 20 | 139 | 141.50 | 0 | 0 | -0.07 | 5.45 |
| Mythology | 0 | 2 | 0 | 2 | 20 | 137 | 143.00 | 0 | 1 | 0.07 | 7.73 |
| History - American | 0 | 1 | 0 | 1 | 10 | 114 | 114.00 | 0 | 1 | 1.30 | 3.64 |
| Literature - British | 0 | 1 | 0 | 0 | 10 | 137 | 137.00 | 0 | 1 | 0.07 | 5.45 |
| Fine Arts - Painting and Sculpture | 0 | 1 | 0 | 0 | 10 | 128 | 128.00 | 0 | 1 | 0.90 | 5.45 |
| Science - Other | 0 | 1 | 1 | 0 | 5 | 127 | 127.00 | 0 | 1 | 0.47 | 6.82 |
| Social Science | 0 | 0 | 1 | 0 | -5 | 0.00 | 0 | 0 | 0.00 | 0.00 | |
| Religion | 0 | 0 | 1 | 0 | -5 | 0.00 | 0 | 0 | 0.00 | 0.00 | |
| History - World | 0 | 0 | 1 | 0 | -5 | 0.00 | 0 | 0 | 0.00 | 0.00 |